History Quiz

Random History or Sporcle Quiz

Happy Days in History Quiz Stats

Quiz Updated Feb 18, 2017

Challenge
Share
Tweet
Embed
Score 0/16 Timer 04:00
2 Plays Today
% Correct
Birthday of Leonardo da Vinci
83.7%
Victory in Europe Day
79.3%
Neil Armstrong's moonwalk
78.3%
Fall of Berlin Wall started
70.2%
Royal Wedding (Prince William and Catherine)
69%
Royal Wedding (Prince Charles and Diana)
68.5%
Sporcle founded
64.4%
Happy Days sitcom began
61.7%
% Correct
First modern Olympic Games in Athens began
58.5%
Woodstock Festival started
57.5%
Nelson Mandela released from Robben Island
56.7%
First Super Bowl played
52.8%
Discovery of penicillin
51%
Mother's Day established as a national holiday (US)
46.9%
Publication date of 'Alice in Wonderland'
45.2%
Aung San Suu Kyi released from house arrest
43.7%

You're not logged in!

Compare scores with friends on all Sporcle quizzes.
Join for Free
OR
Log In

You Might Also Like...

Show Comments

Extras

Top Quizzes Today


Score Distribution

Your Account Isn't Verified!

In order to create a playlist on Sporcle, you need to verify the email address you used during registration. Go to your Sporcle Settings to finish the process.

Report this User

Report this user for behavior that violates our Community Guidelines.

Details: